000 00941nam a22002535a 4500
003 OSt
005 20170117153327.0
008 170116s2013 ua frb 000 0 ara d
015 _22013 / 10153
020 _a9789770473108
040 _aEG-ScBUE
_bara
_cEG-ScBUE
_dEG-ScBUE
043 _af-ua---
082 0 4 _a343.6203
_bر م ض
_222
100 1 _aرمضان، رأفت جوهري.
245 1 2 _aالعناصر المشتركة لجرائم المال العام /
_cرأفت جوهري رمضان.
260 _aالقاهرة :
_bدار النهضة العربية،
_c2013.
300 _a115 ص. ؛
_c24 سم.
504 _aيشتمل على إرجاعات ببليوجرافية.
650 7 _aجرائم الأموال
_xقوانين وتشريعات
_zمصر.
_2BUEsh
650 7 _aالكسب غير مشروع
_xقوانين وتشريعات
_zمصر.
_2BUEsh
651 _2BUEsh
653 _bLLAAWW
_cJanuary2017
942 _2ddc
999 _c23959
_d23931